Kpop Idol pt.2 - Statistiques

Statistiques générales
  • Ce quiz a été pris 418 fois
  • Le résultat moyen est 35 sur 54
Statistiques - réponses
Par images Réponse % Correct
Felix
98%
RM
97%
Han
95%
Jin
93%
Jhope
90%
Ni-ki
89%
San
86%
Lee know
85%
Jay
83%
I.N
82%
Seungmin
79%
Jake
78%
Huening Kai
77%
Lia
75%
Gdragon
74%
Somi
74%
Yuna
74%
Heeseung
73%
Jungwon
71%
Yuqi
70%
Chaewon
68%
Ahyeon
67%
Hanni
67%
Sunoo
67%
Yunjin
67%
Sakura
66%
Chaeryeong
65%
Eunchae
64%
Woozi
64%
Beomgyu
63%
Taehyun
63%
Tzuyu
61%
Mingi
60%
Scoups
59%
Dahyun
58%
Hyein
58%
Keeho
58%
Yujin
58%
Rei
56%
Pharita
54%
Shuhua
54%
Haerin
52%
Solar
52%
Gaeul
49%
Jeongyeon
49%
Natty
49%
Julie
44%
Leeseo
43%
Moonbyul
42%
Sullyoon
39%
Haneul
36%
Yunah
36%
Dami
30%
Hikaru
20%
Aucun quiz correspondant
Distribution des résultats
% des personnes avec chaque résultat
Percentile par nombre de réponses
Votre historique - résultats
Vous n’avez pas pris ce quiz